भारतीय चित्रपटसृष्टीचे आद्य प्रवर्तक दादासाहेब तोरणे (रामबाग) (Record no. 248846)

MARC details
000 -LEADER
fixed length control field 00846nam a2200181Ia 4500
008 - FIXED-LENGTH DATA ELEMENTS--GENERAL INFORMATION
fixed length control field 090201s9999 xx 000 0 und d
010 ## - LIBRARY OF CONGRESS CONTROL NUMBER
LC control number KPL-72110
040 ## - CATALOGING SOURCE
Language of cataloging मराठी
041 ## - LANGUAGE CODE
Language code of text/sound track or separate title मराठी
082 ## - DEWEY DECIMAL CLASSIFICATION NUMBER
Classification number 52397
Item number 72110
100 ## - MAIN ENTRY--PERSONAL NAME
Personal name शशिकांत किणीकर
245 ## - TITLE STATEMENT
Title भारतीय चित्रपटसृष्टीचे आद्य प्रवर्तक दादासाहेब तोरणे (रामबाग)
Statement of responsibility, etc शशिकांत किणीकर
250 ## - EDITION STATEMENT
Edition statement 1
260 ## - PUBLICATION, DISTRIBUTION, ETC. (IMPRINT)
Date of publication, distribution, etc 2007
Name of publisher, distributor, etc पारस पब्लिकेशन्स्
300 ## - PHYSICAL DESCRIPTION
Extent 176
Other physical details मध्यम
600 ## - SUBJECT ADDED ENTRY--PERSONAL NAME
Personal name भारतीय चित्रपटसृष्टीचे आद्य प्रवर्तक दादासाहेब तोरणे (रामबाग)
942 ## - ADDED ENTRY ELEMENTS (KOHA)
Koha item type Book
Holdings
Withdrawn status Lost status Damaged status Not for loan Home library Current library Date acquired Cost, normal purchase price Total Checkouts Barcode Date last seen Copy number Cost, replacement price Price effective from Koha item type
        Sarvajanik Wachanalaya, Kalyan Sarvajanik Wachanalaya, Kalyan   200.00   KPL-72110 02/01/2009 1 200.00 02/01/2009 Book